00000000nam 2200000zi 4500
0019.939031
003CaOODSP
00520250110145056
006m     o  d f      
007cr |||||||||||
008240605t20242024quc     ob   f000 0 eng d
020 |a9780660722320
040 |aCaOODSP|beng|erda|cCaOODSP
043 |an-cn---
0861 |aCH37-4/29-2024E-PDF
24500|aChanging systems, transforming lives : |bCanada's anti-racism strategy 2024-2028.
264 1|a[Gatineau, Quebec] : |bCanadian Heritage = Patrimoine canadien, |c[2024]
264 4|c©2024
300 |a1 online resource (45 pages)
336 |atext|btxt|2rdacontent
337 |acomputer|bc|2rdamedia
338 |aonline resource|bcr|2rdacarrier
500 |aTitle from cover.
500 |aIssued also in French under title: Changer les systèmes pour transformer des vies : la stratégie canadienne de lutte contre le racisme 2024-2028.
504 |aIncludes bibliographical references.
650 0|aAnti-racism|zCanada.
650 0|aRace discrimination|xGovernment policy|zCanada.
7101 |aCanada. |bCanadian Heritage, |eissuing body.
77508|tChanger les systèmes pour transformer des vies : |w(CaOODSP)9.939033
795 |tBuilding a foundation for change : |w(CaOODSP)9.873403
85640|qPDF|s5.72 MB|uhttps://publications.gc.ca/collections/collection_2025/pch/CH37-4-29-2024-eng.pdf
8564 |qHTML|sN/A|uhttps://www.canada.ca/en/canadian-heritage/services/combatting-racism-discrimination/canada-anti-racism-strategy.html